| 000 | 00526 a2200181 4500 | ||
|---|---|---|---|
| 003 | Nust | ||
| 005 | 20230718113511.0 | ||
| 040 | _cNust | ||
| 082 | _a621.31,FRE | ||
| 100 | _aFreeman, P. J. | ||
| 245 |
_aWorked examples in alternating current: For engineering students / _cP. J. Freeman |
||
| 250 | _a1st | ||
| 260 |
_aMacdonald _bLondon _c1964 |
||
| 300 | _a108:p | ||
| 505 | _aPART-1: Questions and Answers (Page-3), PART-2: Questions and Solutions (Page-31). | ||
| 650 |
_aAC _9113698 |
||
| 942 |
_2ddc _cBK _k621.31,FRE |
||
| 999 |
_c180360 _d180360 |
||